000 00847nam a22002897a 4500
003 OSt
005 20240530110420.0
008 150310s2009 uk ad g 001 0 eng d
020 _a9781857434729
020 _a1857434722
022 _200768502
040 _aEG-CaGPL
_cEG-CaGPL
082 0 4 _221
_a956
_bG REF/D M
100 1 _aDean , lucy
245 1 4 _aThe Far East and Australasia /
_cEditor Lucy Dean
250 _aed. 55
260 _aLondon :
_bRoutledge ,
_c2009
300 _a1435 p. :
_bill. ;
_c26 cm.
650 4 _2Condições econômicas
_zAfrica
650 4 _aPolítica
_zAfrica
650 4 _aComércio
_zAfrica
650 4 _aFinanças
_zAfrica
650 4 _aORGANISMOS INTERNACIONALES
_xDIRECTORIOS
_xPUBLICACIONES PERIODICAS.
650 4 _aInternationale Organisation.
942 _2ddc
_cBK
999 _c60638
_d60638